000 00964cam a22003257a 4500
003 CHAP
005 20220817042134.0
008 971013s1986 r 00010 d
010 _a35849
011 _a36821
035 _a40940
040 _cCHAP
082 _a636.9
_bF36
110 _aFAO
245 1 3 _aEl conejo cría y patología
260 _aRoma :
_bFAO,
_c1986
300 _a278 p.
_b: ilus. ; gráfs.
490 0 _aFAO. Producción y sanidad animal
_v; 19
590 _aBATCH-UPD
_b10
_c20130110
_lUCH01
_h2025
590 _aBATCH-UPD
_b10
_c20130410
_lUCH01
_h1343
590 _aBATCH-UPD
_b10
_c20130914
_lUCH01
_h1029
590 _aCONVERSION
_b10
_c20130109
_lUCH01
_h1320
650 1 4 _aConejos
_xEnfermedades.
_926362
650 1 4 _aCunicultura.
_930449
700 0 _aLebas, F.
_965341
830 0 _aFAO. Producción y sanidad animal
_v; 19
_939655
901 _aBK
942 _cLIBRO
949 _a636.9 F36
_bBC
_cFAO
_d-93774
_eFAO1
_h69326
_i40940
_si
999 _c35849
_d35849